00749nam a2200205 a 45000010005000000030005000050050017000100080041000270400020000681000025000882450097001132600035002103000019002454900048002646500051003126500057003639420013004209990015004339520095004481291CDMR20131001103105.0130130s1990||||||||||||||||||||||||||||d aCDMRbcatcCDMR1 aWatson, Robert9100610aFilm and television in educationb: an aesthetic approach to the moving imagecRobert Watson aLondonc1990bThe Falmer Press a180 p ;c24 cm0 aFalmer Press library on aesthetic education0492782aTelevisió en l'ensenyamentzRegne Unit0493081aMitjans de comunicació de massa i educació cMON2udc c1291d1291 00104070aCDMRbCDMRd2013-01-16l0oFe 10/8pCDMR13107632Br2013-01-16w2013-01-16yMON